| 000 | 00605nam a2200193 a 4500 | ||
|---|---|---|---|
| 001 | 1314 | ||
| 003 | CDMR | ||
| 005 | 20131016171941.0 | ||
| 008 | 130130s ||||||||||||||||||||||||||||d | ||
| 040 |
_aCDMR _bcat _cCDMR |
||
| 100 | 1 |
_aTodorov, Dafin _91028 |
|
| 245 | 1 | 0 |
_aFreedom press _b: development of the progressive press in western Europe and the USA _cDafin Todorov |
| 260 |
_aPraga _bInternational Organization of Journalists _c[s.d.] |
||
| 300 | _a97 p. | ||
| 650 | 0 | 4 |
_9257 _aPremsa _zEstats Units d'Amèrica |
| 650 | 0 | 4 |
_94093 _aPremsa _zEuropa |
| 650 | 0 | 4 |
_93470 _aPremsa i política |
| 942 |
_cMON _2udc |
||
| 999 |
_c1314 _d1314 |
||